000 00718cam a2200229 4500
008 000000n2001 000 0 eng u
020 _a1856043398
035 _a(Sirsi) u105290
050 _a025.4
100 _aAbell, A.
100 _aOxbrow, Nigel
245 _aCompeting with knowledge : the information professional in the knowledge management age.
260 _aLondon
_bLibrary Association Publishing
_c2001
300 _axii, 275p. ; 24cm.
350 _a37.50
500 _aPublished in association with TFPL
650 _aKNOWLEDGE MANAGEMENT
650 _aINFORMATION SOURCES
650 _aINFORMATION SYSTEMS
690 _aMANAGEMENT-BUSINESS MANAGEMENT-INFORMATION MANAGEMENT
942 _n0
999 _c100350
_d100350